Central Library OPAC University of Rajshahi

A round of tales from W. Irving to A. Blackwood / (Record no. 20830)

MARC details
000 -LEADER
fixed length control field 00658nam a22002173 4500
001 - CONTROL NUMBER
control field 20830
003 - CONTROL NUMBER IDENTIFIER
rucl marc code UkOxU
005 - DATE AND TIME OF LATEST TRANSACTION
control field 20211209000622.0
008 - FIXED-LENGTH DATA ELEMENTS--GENERAL INFORMATION
fixed length control field 140302r19331924enk 000 1 eng d
035 ## - SYSTEM CONTROL NUMBER
System control number BD-RjUL)20892
040 ## - CATALOGING SOURCE
Original cataloging agency EQO
Transcribing agency EQO
Language of cataloging eng
Modifying agency BD-RjUL
041 ## - LANGUAGE CODE
Language code of text/sound track or separate title eng
082 00 - DEWEY DECIMAL CLASSIFICATION NUMBER
Author mark and year ROU 1933
Classification number 823
245 02 - TITLE STATEMENT
Title A round of tales from W. Irving to A. Blackwood /
Statement of responsibility, etc. Selected by N. Henry & H.A. Treble.
260 ## - PUBLICATION, DISTRIBUTION, ETC. (IMPRINT)
Place of publication, distribution, etc. London :
Date of publication, distribution, etc. 1924. [Reprinted 1933]
Name of publisher, distributor, etc. Oxford University Press,
300 ## - PHYSICAL DESCRIPTION
Pagination 186p. ;
Size 16cm.
650 ## - SUBJECT ADDED ENTRY--TOPICAL TERM
Topical term or geographic name as entry element Modern Fiction
9 (RLIN) 64336
700 1# - ADDED ENTRY--PERSONAL NAME
Personal name Henry, N.
Personal name Treble, H. A.
Fuller form of name (Henry Arthur),
Dates associated with a name 1877-
942 ## - ADDED ENTRY ELEMENTS (KOHA)
Source of classification or shelving scheme Dewey Decimal Classification
Koha item type Books
Holdings
Lost status Source of classification or shelving scheme Damaged status Not for loan Collection code Permanent Location Current Location Shelving location Date acquired Total Checkouts Full call number Date last seen Copy number Koha item type
  Dewey Decimal Classification   Added to bundle Fiction Central Library, University of Rajshahi Central Library, University of Rajshahi Reading Room 02/03/2014   823 ROU 1933 02/03/2014 C-1 Books